World history journey across time
Guardat en:
| Autor principal: | |
|---|---|
| Format: | Llibre |
| Idioma: | anglès |
| Publicat: |
McGraw-Hill
2006
|
| Etiquetes: |
Afegir etiqueta
Sense etiquetes, Sigues el primer a etiquetar aquest registre!
|
MARC
| LEADER | 00000nam a22000007a 4500 | ||
|---|---|---|---|
| 008 | 210126b ||||| |||| 00| 0 eng d | ||
| 020 | |a 0-07-868873-6 | ||
| 100 | |a SPIELVOGEL, Jackson J. | ||
| 245 | |a World history journey across time |c Jackson J. Speilvogel |g xxvii,1009p.; ill. | ||
| 260 | |b McGraw-Hill |c 2006 |d Books |h New York |i 680922 |l D20 .Sp4 |m World history | ||
| 942 | |a lcc |c BK |e Adekaanye I. H. |f 26/01/2021 | ||
| 952 | |0 0 |1 0 |2 lcc |4 0 |6 D0020 S P4 |7 0 |9 1926 |a HOL |b HOL |c AF |d 2021-01-26 |l 0 |o D20 .Sp4 |p 2021-5789 |r 2021-01-26 00:00:00 |w 2021-01-26 |y BK | ||
| 999 | |c 1014 |d 1014 | ||